ادارة الاعمال الدولية (رقم التسجيلة. 21006)
[ عرض عادي ]
| 000 -الفاتح | |
|---|---|
| حقل البيانات ثابتة الطول | 00791nam a22002297a 4500 |
| 003 - محدد رقم الضبط | |
| رقم الضبط | OSt |
| 005 - وقت وتاريخ اخر تعامل مع التسجيلة | |
| رقم الضبط | 20150408114009.0 |
| 008 - عناصر البيانات ثابتة الطول - معلومات عامة | |
| حقل البيانات ثابتة الطول | 120312t xxu||||| |||| 00| 0 eng d |
| 020 ## - الرقم الدولى المعيارى للكتب | |
| الرقم الدولى المعيارى للكتاب | 9789957820589 |
| 040 ## - مصدر الفهرسة | |
| وكالة الفهرسة الأصلية | mu |
| لغة الفهرسة | ara |
| وكالة النسخ | mb |
| 082 ## - رقم تصنيف ديوى العشرى | |
| رقم الطبعة | 21 |
| رقم التصنيف | 658.049 |
| رقم المادة | ف ع ا |
| 100 ## - المدخل الرئيسى - إسم شخصى | |
| الإسم الشخصى | فياض ، عرفات ابراهيم |
| 9 (RLIN) | 9865 |
| 245 ## - بيان العنوان | |
| العنوان | ادارة الاعمال الدولية |
| بيان المسئوليه,etc | عرفات ابراهيم فياض |
| 260 ## - PUBLICATION, DISTRIBUTION, ETC. (IMPRINT) | |
| مكان الناشر او الموزع | عمان ، الاردن |
| اسم الناشر او الموزع | دار البداية |
| تاريخ النشر أو التوزيع | 2011 |
| 300 ## - الوصف المادى | |
| التعداد | 285 ص |
| أبعاد الوعاء | 24 سم |
| 650 ## - المدخل الاضافى بالموضوع-مصطلح موضوعى | |
| مصطلح موضوعي أو اسم جغرافي كعنصر مدخل | الادارة المالية |
| 9 (RLIN) | 9866 |
| 650 ## - المدخل الاضافى بالموضوع-مصطلح موضوعى | |
| مصطلح موضوعي أو اسم جغرافي كعنصر مدخل | ادارة الاعمال |
| 650 ## - المدخل الاضافى بالموضوع-مصطلح موضوعى | |
| مصطلح موضوعي أو اسم جغرافي كعنصر مدخل | الاستثمارات الأجنبية |
| 9 (RLIN) | 756 |
| 650 ## - المدخل الاضافى بالموضوع-مصطلح موضوعى | |
| مصطلح موضوعي أو اسم جغرافي كعنصر مدخل | الاقتصاد الدولي |
| 9 (RLIN) | 9646 |
| 650 ## - المدخل الاضافى بالموضوع-مصطلح موضوعى | |
| مصطلح موضوعي أو اسم جغرافي كعنصر مدخل | المالية العامة |
| 9 (RLIN) | 9629 |
| 942 ## - عناصر المدخل الإضافي( كوها) | |
| مصدر التصنيف او مخطط الترفيف | Dewey Decimal Classification |
| Koha [default] item type | كتاب |
| حالة الفقد | نموذج السعر الفعال | حالة تلف | ليس للاعارة | رقم الطلب | تاريخ الاكتساب | الموقع الحالي | الباركود | الفرع الرئيسي | Date last seen | نوع المادة فى نظام كوها | مصدر التصنيف او خطة الترفيف | Total Checkouts |
|---|---|---|---|---|---|---|---|---|---|---|---|---|
| 2017-02-28 | 658.049 ف ع ا | 2017-02-28 | المكتبة المركزية بالمجمعة (CL) | 00706080 | المكتبة المركزية بالمجمعة (CL) | 2017-02-28 | كتاب | Dewey Decimal Classification | ||||
| 2017-02-28 | 658.049 ف ع ا | 2017-02-28 | المكتبة المركزية بالمجمعة (CL) | 00706081 | المكتبة المركزية بالمجمعة (CL) | 2017-02-28 | كتاب | Dewey Decimal Classification | ||||
| 2017-02-28 | 658.049 ف ع ا | 2017-02-28 | المكتبة المركزية بالمجمعة (CL) | 00706082 | المكتبة المركزية بالمجمعة (CL) | 2017-02-28 | كتاب | Dewey Decimal Classification | ||||
| 2013-03-10 | 658.049 ف ع ا | 2012-03-12 | مكتبة كلية العلوم و الدراسات الإنسانية برماح - طلاب (SRM) | 00075915 | مكتبة كلية العلوم و الدراسات الإنسانية برماح - طلاب (SRM) | 2013-03-10 | كتاب | Dewey Decimal Classification | ||||
| 2013-03-10 | 658.049 ف ع ا | 2012-03-12 | مكتبة كلية العلوم و الدراسات الإنسانية برماح - طلاب (SRM) | 00075914 | مكتبة كلية العلوم و الدراسات الإنسانية برماح - طلاب (SRM) | 2013-03-10 | كتاب | Dewey Decimal Classification | ||||
| 2013-03-10 | 658.049 ف ع ا | 2012-03-12 | مكتبة كلية العلوم و الدراسات الإنسانية برماح - طلاب (SRM) | 00075913 | مكتبة كلية العلوم و الدراسات الإنسانية برماح - طلاب (SRM) | 2013-03-10 | كتاب | Dewey Decimal Classification | ||||
| 2013-03-10 | 658.049 ف ع ا | 2012-03-12 | مكتبة كلية العلوم و الدراسات الإنسانية برماح - طلاب (SRM) | 00075912 | مكتبة كلية العلوم و الدراسات الإنسانية برماح - طلاب (SRM) | 2013-03-10 | كتاب | Dewey Decimal Classification | ||||
| 2013-03-10 | 658.049 ف ع ا | 2012-03-12 | مكتبة كلية العلوم و الدراسات الإنسانية برماح - طلاب (SRM) | 00075911 | مكتبة كلية العلوم و الدراسات الإنسانية برماح - طلاب (SRM) | 2013-03-10 | كتاب | Dewey Decimal Classification |
